Belgian grand prix Formula one winners - Statistics

General Stats
  • This quiz has been taken 997 times
    206 since last reset
  • The average score is 106 of 138
Answer Stats
Hint Pilot % Correct
2010 | 2015 | 2017 | 2024 Lewis Hamilton
99%
2020 Lewis hamilton
99%
2021 | 2022 | 2023 Max Verstappen
99%
1992 | 1995 | 1996 | +3 others Michael Schumacher
96%
2011 | 2013 Sebastian Vettel
96%
2018 sebastian Vettel
96%
2016 Nico Rosberg
94%
2019 Charles Leclerc
92%
1985 | 1988 | 1989 | +2 others Ayrton Senna
91%
1983 | 1987 Alain Prost
89%
2004 | 2005 | 2007 | 2009 Kimi Räikkönen
88%
2000 Mika Häkkinen
88%
1993 | 1994 | 1998 Damon Hill
87%
1961 Phil Hill
87%
1950 | 1954 | 1955 Juan Manuel Fangio
86%
Mclaren Mercedes
86%
2008 Felipe Massa
85%
2012 Jenson Button
85%
1975 | 1976 Niki Lauda
85%
2014 Daniel Ricciardo
84%
Ferrari
84%
Mercedes
84%
Red Bull Racing Honda
84%
Red Bull Racing Renault
84%
Mercedes
83%
Mercedes-Benz
83%
1968 Bruce McLaren
82%
McLaren Ford
82%
McLaren Honda
82%
Mclaren Tag
82%
Williams Renault
79%
1951 Giuseppe Farina
78%
Williams Ford
78%
Williams Honda
78%
1952 | 1953 Alberto Ascari
77%
1960 Jack Brabham
76%
Lotus Renault
74%
1986 Nigel Mansell
74%
1962 | 1963 | 1964 | 1965 Jim Clark
73%
1973 Jackie Stewart
71%
Lotus Climax
71%
Lotus Ford
71%
Benetton Renault
70%
1972 | 1974 Emerson Fittipaldi
70%
1999 David Coulthard
69%
1979 Jody Scheckter
67%
Benetton Ford
65%
Jordan Mugen Honda
63%
1978 Mario Andretti
62%
Alfa Romeo
58%
1966 John Surtees
52%
Renault
49%
Cooper climax
48%
Tyrrel Ford
46%
BRM
44%
Vanwall
43%
1981 Carlos Reutemann
39%
1984 Michele Alboreto
35%
Maserati
34%
1980 Didier Pironi
32%
1982 John Watson
32%
Ligier Ford
32%
1958 Tony Brooks
30%
1956 Peter Collins
28%
1967 Dan Gurney
17%
1970 Pedro Rodríguez
14%
1977 Gunnar Nilsson
11%
Eagle Weslake
9%
No matching quizzes found
Score Distribution
Percent of People with Each Score
Percentile by Number Answered
Your Score History
You have not taken this quiz since the last reset